00597nam a22001817a 4500003000400000005001700004008004100021020001800062040001800080082001800098245013400116260002900250300002400279700002600303700002500329700003500354700002600389OSt20250401160710.0250401b |||||||| |||| 00| 0 eng d a9781032605371 cAIMIT Library a005.768bRAJP aThe internet of things and big data analytics :bintegrated platforms and industry use cases / cEdited by Pethuru Raj...[et.al.] aUK ,bCRC Press :c2020. axiii,323p. ;b23cm. aRaj, Pethuru.eEditor aPoongodi, T.eEditor aBalusamy, Balamurugan.eEditor aKhari, Manju.eEditor